000 00407cam a2200169ua 4500
001 5894
008 131026n ii |||gr||||Z||||||eng
040 _cMAIN
082 _a954
100 _aVerma,K.L,
_eAuthor.
245 _aAncient Indian History
_cby K.L Verma
260 _aDelhi:
_bMalhotra Brothers.
300 _a128p.
653 _aSouth Asia India
653 _aAncient Indian History
942 _cBK
999 _c5048
_d5048